000 00703nam a2200289Ia 4500
005 20260324142138.0
008 008 260324s9999 xx 000 0 eng d
020 _a9781315806419
037 _aEBOOK
040 _aCRL
040 _beng
040 _cCRL
041 _2eng
041 _aeng
084 _qCRL
100 _aNeal J. Roese; James M. Olson
_91210856
245 0 _aWhat Might Have Been
245 4 _bThe Social Psychology of Counterfactual Thinking
260 _bTaylor and Francis
260 _c1995
365 _a
365 _b230
856 _uhttp://www.taylorfrancis.com/books/9781315806419
942 _cEBOOK
999 _c1814712
_d1814712